ICETA 2018: Emerging eLearning Technologies and Applications Proceedings of the 16th International Conference, 15-16 November 2018, (Stary Smokovec, Slovakia)

Saved in:
Bibliographic Details
Corporate Authors: ICETA 2018: Emerging eLearning Technologies and Applications. International Conference, Technická univerzita v Košiciach
Format: Book
Language:English
Published: Danvers Institute of Electrical and Electronics Engineers IEEE 2018
Subjects:
Tags: Add Tag
No Tags, Be the first to tag this record!

MARC

LEADER 00000nlm a2200000 4500
001 0253269
005 20240827073914.1
020 |a 978-1-5386-7914-2 
020 |a 978-1-5386-7915-9 
041 0 |a eng 
044 |a US 
245 1 0 |a ICETA 2018: Emerging eLearning Technologies and Applications  |b Proceedings of the 16th International Conference, 15-16 November 2018, (Stary Smokovec, Slovakia) 
264 1 |a Danvers  |b Institute of Electrical and Electronics Engineers IEEE  |c 2018 
300 |a online [655 s.] 
610 2 0 |a technológie informačné 
610 2 0 |a technológie komunikačné 
610 2 0 |a siete mobilné 
610 2 0 |a modely 
610 2 0 |a dáta 
610 2 0 |a komunikácia marketingová 
610 2 0 |a univerzity 
610 2 0 |a výskum 
610 2 0 |a zdroje ľudské 
610 2 0 |a vzdelávanie elektronické 
610 2 0 |a Slovensko 
110 2 |a ICETA 2018: Emerging eLearning Technologies and Applications. International Conference 
710 2 |a Technická univerzita v Košiciach